Statistiques concernant Intercommunalités de la Saône-et-Loire

Cliquez ici pour prendre le quiz!

Statistiques générales

  • Ce quiz a été pris 19 fois
  • Le résultat moyen est 8 sur 19

Statistiques - réponses

Nombres de CommunesIntercommunalités% Correct
34Communauté urbaine Creusot Montceau
88%
51Le Grand Chalon
88%
39 (dont 01 dans l'Ain)Mâconnais Beaujolais Agglomération
88%
55Communauté de communes du Grand Autunois Morvan
81%
30Communauté de communes entre Arroux, Loire et Somme
69%
41Communauté de communes du Clunisois
63%
30Bresse Louhannaise Intercom'
56%
44 (dont 03 dans l'Allier)Communauté de communes Le Grand Charolais
56%
24Communauté de communes Mâconnais-Tournugeois
50%
29Communauté de communes La Clayette Chauffailles en Brionnais
31%
16Bresse Nord Intercom'
19%
25Communauté de communes Terres de Bresse
19%
17Communauté de communes Bresse Revermont 71
13%
12Communauté de communes de Marcigny
13%
27Communauté de communes Saône Doubs Bresse
13%
36Communauté de communes Sud Côte Chalonnaise
13%
14Communauté de communes du Canton de Semur-en-Brionnais
6%
23Communauté de communes Entre Saône et Grosne
6%
16Communauté de communes Saint-Cyr Mère Boitier entre Charolais et Mâconnais
0%

Distribution des résultats

Percentile par nombre de réponses

% des personnes avec chaque résultat

Votre développement - résultats

Vous n’avez pas pris ce quiz